00259 a2200121 4500001000700000020001800007040003500025100002200060240002000082245001500102300001100117362000900128156795 a9788526023925 cEscola São Tomás de Aquino aCOLASANTI, Marina10aEu sozinhalpor10aEu sozinha a112 p.0 a2018